[Event "AUTO-INT-3922"]
[Site "http://www.queenalice.com/game.php?id=1865222"]
[Date "2025.11.5"]
[Round "2"]
[White "StarWarsJedi"]
[Black "StepPhil"]
[Result "1-0"]
[WhiteElo "2229"]
[BlackElo "1598"]

1. e4 e5 2. Nf3 Qf6 3. Nc3 c6 4. d4 d6 5. Bg5 Qg6 6. dxe5 h6 7. Bf4 Qe6 8. exd6
Bd7 9. Qd4 b5 10. a4 a6 11. axb5 cxb5 12. Nxb5 Kd8 13. Qb6+ Ke8 14. Nc7+ 1-0

[Event "AUTO-INT-3922"]
[Site "http://www.queenalice.com/game.php?id=1865223"]
[Date "2025.11.5"]
[Round "2"]
[White "StepPhil"]
[Black "StarWarsJedi"]
[Result "0-1"]
[WhiteElo "1522"]
[BlackElo "2242"]

1. e4 c5 2. Bc4 e6 3. d3 d5 4. Bb5+ Bd7 5. Bxd7+ Qxd7 6. e5 Nc6 7. c3 Nxe5 8. h3
Qb5 9. Ke2 c4 10. d4 Nd3 11. Nf3 Bd6 12. a4 Qa6 13. b4 Ne7 14. a5 O-O 15. Bg5 f6
16. Bh4 g5 17. Bg3 Bxg3 18. fxg3 Nf5 19. Rg1 Nxg3+ 20. Kd2 e5 21. Ne1 exd4 22.
Nxd3 cxd3 23. Ra2 Qc4 24. Ra3 Ne4+ 0-1

[Event "Challenge"]
[Site "http://www.queenalice.com/game.php?id=1865277"]
[Date "2025.11.8"]
[Round "-"]
[White "TammieM3ENF"]
[Black "StepPhil"]
[Result "0-1"]
[WhiteElo "1307"]
[BlackElo "1592"]

1. d4 d5 2. e3 a6 3. c4 c6 4. cxd5 Qxd5 5. e4 Qa5+ 6. b4 Qxb4+ 7. Nd2 Qxd4 8. g4
Qxa1 9. Ke2 Bxg4+ 10. f3 Be6 11. f4 Bg4+ 12. Ndf3 Qxa2+ 13. Bd2 Nf6 14. e5 Ne4
15. h3 Nc3+ 16. Kf2 Ne4+ 17. Ke1 e6 18. hxg4 Bc5 19. Nh3 h6 20. g5 Ng3 21. Rg1
Bxg1 22. Nhxg1 hxg5 23. fxg5 Qd5 24. g6 Qe4+ 25. Be2 Qxg6 26. Bd3 Qxd3 27. Kf2
Ne4+ 28. Ke1 Ng3 29. Kf2 Ne4+ 30. Ke1 Rh1 31. Qe2 Qb1+ 32. Bc1 Qxc1+ 33. Qd1
Qc3+ 34. Ke2 Ng3+ 35. Kf2 Ne4+ 36. Kg2 Rh6 37. Qe2 Nd7 38. Qf1 Rg6+ 39. Kh1 Ng3+
40. Kg2 Nxf1+ 41. Kxf1 Qd3+ 42. Kf2 O-O-O 43. Nh3 Qc2+ 44. Ke3 Nc5 45. Kf4 Qf5+
46. Ke3 Qxh3 47. Kf4 Nd3+ 48. Ke3 Nxe5 49. Ke4 Qxf3+ 50. Kxe5 Rd5# 0-1

[Event "AUTO-ADV-4909"]
[Site "http://www.queenalice.com/game.php?id=1867279"]
[Date "2025.12.19"]
[Round "1"]
[White "StepPhil"]
[Black "dimitridruloza2012"]
[Result "0-1"]
[WhiteElo "1603"]
[BlackElo "1734"]

1. e4 b6 2. d4 Bb7 3. Nc3 g6 4. Qf3 Nf6 5. g4 Nc6 6. a3 Na5 7. g5 Nh5 8. b4 Nc6
9. Bc4 e6 10. Be3 Bg7 11. Nge2 Qe7 12. Rb1 a5 13. b5 Nd8 14. d5 Qxa3 15. dxe6
Bxc3+ 16. Kf1 dxe6 17. Rb3 Qa1+ 18. Kg2 Qa2 19. Nxc3 Qxc2 20. Rhb1 a4 21. Nxa4
Bxe4 0-1

[Event "Challenge"]
[Site "http://www.queenalice.com/game.php?id=1868201"]
[Date "2026.1.20"]
[Round "-"]
[White "TammieM3ENF"]
[Black "StepPhil"]
[Result "0-1"]
[WhiteElo "1331"]
[BlackElo "1592"]

1. e4 e5 2. Nf3 Qf6 3. c4 Bc5 4. h3 g5 5. h4 g4 6. Nh2 h5 7. f3 g3 8. d4 Bxd4 9.
b4 Bxa1 10. Bd3 gxh2 11. Rxh2 d6 12. c5 Nc6 13. a4 Bd4 14. b5 Nb4 15. Bc4 Be6
16. Nd2 Qf4 17. g3 Qxg3+ 18. Rf2 Qxf2# 0-1

[Event "AUTO-ADV-4919"]
[Site "http://www.queenalice.com/game.php?id=1869312"]
[Date "2026.2.15"]
[Round "1"]
[White "Ricardoabreu"]
[Black "StepPhil"]
[Result "1-0"]
[WhiteElo "1815"]
[BlackElo "1520"]

1. b3 e5 2. Bb2 Qf6 3. e3 a6 4. g3 b5 5. Bg2 c6 6. Nf3 d6 7. Nh4 g5 8. Nf3 g4 9.
Ng1 h5 10. Qe2 Ra7 11. f3 Qg6 12. d3 f5 13. fxg4 Qxg4 14. Bf3 Qg6 15. Nh3 f4 16.
exf4 Bxh3 17. Bg2 Bg4 18. Bf3 Nd7 19. Nd2 Ndf6 20. fxe5 Bxf3 21. exd6+ Be4 22.
Nxe4 Kf7 23. O-O-O Rd7 24. Nxf6 Nxf6 25. Rhf1 Rxd6 26. Rde1 Kg8 27. Rf3 Bg7 28.
Qe7 Bh6+ 29. Kb1 Nd5 30. Ref1 Rh7 31. Rf8+ Bxf8 32. Qxf8# 1-0

[Event "AUTO-ADV-4919"]
[Site "http://www.queenalice.com/game.php?id=1869328"]
[Date "2026.2.15"]
[Round "1"]
[White "StepPhil"]
[Black "Connor"]
[Result "1-0"]
[WhiteElo "1495"]
[BlackElo "1895"]

1. e4 e5 2. Qf3 Nf6 3. Bc4 Be7 4. d3 d6 5. h3 Nc6 6. c3 Bd7 7. g4 Na5 8. Nd2
Nxc4 9. Nxc4 b6 10. g5 Ng8 11. h4 f6 12. Qg3 fxg5 13. hxg5 Bb5 14. Nf3 Bxc4 15.
dxc4 Qc8 16. Be3 Qb7 17. Nd2 Qc6 18. b3 Bd8 19. O-O-O Ne7 20. Nf3 Qxe4 21. Nd2
Qg6 22. Nf3 Nf5 23. Qg2 Nxe3 24. fxe3 Be7 25. Nh4 1-0

[Event "AUTO-ADV-4919"]
[Site "http://www.queenalice.com/game.php?id=1869330"]
[Date "2026.2.15"]
[Round "1"]
[White "StepPhil"]
[Black "Carlos19"]
[Result "0-1"]
[WhiteElo "1530"]
[BlackElo "1734"]

1. e4 e5 2. Nf3 Nc6 3. Bb5 Bd6 4. d3 a6 5. Ba4 Nf6 6. Bb3 h6 7. Be3 Ng4 8. Qe2
Nxe3 9. Qxe3 O-O 10. g4 b5 11. a3 b4 12. h4 Na5 13. Ba2 bxa3 14. Nxa3 Bxa3 15.
bxa3 c6 16. Nxe5 Rb8 17. O-O d6 18. Nc4 Nxc4 19. Bxc4 Qxh4 0-1

[Event "AUTO-ADV-4919"]
[Site "http://www.queenalice.com/game.php?id=1869331"]
[Date "2026.2.15"]
[Round "1"]
[White "Carlos19"]
[Black "StepPhil"]
[Result "1-0"]
[WhiteElo "1726"]
[BlackElo "1538"]

1. e4 e5 2. Nf3 Qf6 3. Bc4 Bc5 4. O-O g5 5. h3 d6 6. Nc3 Be6 7. Bxe6 fxe6 8. d3
h6 9. a3 a6 10. b4 Ba7 11. b5 a5 12. Bb2 Ne7 13. a4 c5 14. Ba3 d5 15. exd5 exd5
16. Re1 Nd7 17. Ne2 O-O-O 18. Bb2 d4 19. c3 Ng6 20. Ng3 1-0

[Event "Challenge"]
[Site "http://www.queenalice.com/game.php?id=1869364"]
[Date "2026.2.17"]
[Round "-"]
[White "TammieM3ENF"]
[Black "StepPhil"]
[Result "0-1"]
[WhiteElo "1312"]
[BlackElo "1587"]

1. d4 d5 2. Nc3 e6 3. b4 Bxb4 4. a3 Bxc3+ 5. Bd2 Bxa1 6. Qxa1 Nc6 7. a4 a5 8. c3
Qf6 9. c4 Nxd4 10. e3 Nc2+ 11. Ke2 Nxa1 12. f4 Qb2 13. Nf3 dxc4 14. Kf2 Nb3 15.
g4 Nxd2 16. e4 Nxe4+ 17. Kg1 Qf2# 0-1

[Event "Challenge"]
[Site "http://www.queenalice.com/game.php?id=1869837"]
[Date "2026.2.26"]
[Round "-"]
[White "TammieM3ENF"]
[Black "StepPhil"]
[Result "1-0"]
[WhiteElo "1288"]
[BlackElo "1520"]

1. d4 d5 2. Nc3 Bg4 3. b4 a6 4. a4 e6 5. b5 a5 6. b6 c6 7. h3 Bh5 8. g4 Bg6 9.
h4 h6 10. h5 Bh7 11. g5 hxg5 12. h6 gxh6 13. Rb1 Bb4 14. Bd2 Qxb6 15. Nf3 Nd7
16. e4 Bxe4 17. Rh3 Ngf6 18. Rb2 1-0

[Event "AUTO-INT-3963"]
[Site "http://www.queenalice.com/game.php?id=1870718"]
[Date "2026.3.19"]
[Round "1"]
[White "StepPhil"]
[Black "Jomaley"]
[Result "0-1"]
[WhiteElo "1525"]
[BlackElo "1584"]

1. e4 e5 2. Qf3 Qf6 3. Qxf6 gxf6 4. Bc4 Nh6 5. h3 c6 6. d3 Bb4+ 7. Bd2 Bxd2+ 8.
Nxd2 b5 9. Bb3 f5 10. f3 fxe4 11. Nxe4 O-O 12. g4 a5 13. a4 b4 14. Ne2 d5 15.
Nd6 Nd7 16. Nxc8 Raxc8 17. O-O-O Nc5 0-1

[Event "AUTO-INT-3963"]
[Site "http://www.queenalice.com/game.php?id=1870719"]
[Date "2026.3.19"]
[Round "1"]
[White "Jomaley"]
[Black "StepPhil"]
[Result "1-0"]
[WhiteElo "1598"]
[BlackElo "1511"]

1. e4 e5 2. d3 Bc5 3. h4 Qf6 4. f3 d6 5. Bg5 Qe6 6. c3 h6 7. Bd2 Qg6 8. d4 exd4
9. cxd4 Bxd4 10. Bc3 Bxc3+ 11. Nxc3 a6 12. Bc4 Ne7 13. Bxf7+ Qxf7 14. Nge2 Be6
15. a4 Nec6 16. Nd5 Nd7 17. Nxc7+ 1-0